| 000 | 004680000a22002050004500 | ||
|---|---|---|---|
| 650 | _aNepali literature | ||
| 650 | _aNepali drama | ||
| 015 | _aNNB | ||
| 082 |
_aN895.512 _bP471s _cCS |
||
| 518 | _a20020326 | ||
| 530 | _aM | ||
| 100 | _aPanta, Shivadatta | ||
| 245 | _aSri Ram lila natak; Sri Ram lila resamrtam | ||
| 260 |
_aBaitadi _bMadhavi Pant, Nepal |
||
| 260 | _c2058 B.S. | ||
| 041 | _aNep | ||
| 300 | _a113p. | ||
| 365 | _aRs.51.00 | ||
| 942 | _cGEN | ||
| 999 |
_c26534 _d26534 |
||